Faculty of Law Library — Cairo University

Official Online Catalog

Le Nil : (Record no. 70499)

MARC details
000 -LEADER
fixed length control field 01051nam a2200325 i 4500
003 - CONTROL NUMBER IDENTIFIER
control field EG-GICUC
005 - DATE AND TIME OF LATEST TRANSACTION
control field 20260412233939.0
008 - FIXED-LENGTH DATA ELEMENTS--GENERAL INFORMATION
fixed length control field 260412s1937 fr ab||fr|||| 00| 0 fre d
040 ## - CATALOGING SOURCE
Original cataloging agency EG-GiCUC
Language of cataloging fre
Transcribing agency EG-GiCUC
Modifying agency EG-GiCUC
Description conventions Rda
043 ## - GEOGRAPHIC AREA CODE
Geographic area code fr#
044 ## - COUNTRY OF PUBLISHING/PRODUCING ENTITY CODE
MARC country code fr#
082 04 - DEWEY DECIMAL CLASSIFICATION NUMBER
Edition number 21
Classification number 341.762062
Item number L U . N
092 04 - LOCALLY ASSIGNED DEWEY CALL NUMBER (OCLC)
Edition number 21
Classification number 341.762062
099 ## - LOCAL FREE-TEXT CALL NUMBER (OCLC)
Classification number Law1 11 341.762062 L U . N 1936
100 1# - MAIN ENTRY--PERSONAL NAME
Personal name Ludwig, Emil,
Dates associated with a name 1881-1948
Relator term Auteur
245 13 - TITLE STATEMENT
Title Le Nil :
Remainder of title vie d'un fleuve
Statement of responsibility, etc. Emil Ludwig.
Number of part/section of a work Tome 2
264 #1 - PRODUCTION, PUBLICATION, DISTRIBUTION, MANUFACTURE, AND COPYRIGHT NOTICE
Place of production, publication, distribution, manufacture Paris :
Name of producer, publisher, distributor, manufacturer librairie Plon,
Date of production, publication, distribution, manufacture, or copyright notice 1937.
300 ## - PHYSICAL DESCRIPTION
Extent 291 page :
Other physical details illustration ; maps
Dimensions 24 cm.
336 ## - CONTENT TYPE
Source rda contenu
Content type term texte
337 ## - MEDIA TYPE
Source rda medias
Media type term Ordinateur
338 ## - CARRIER TYPE
Source transporteur rda
Carrier type term Ressource en ligne
504 ## - BIBLIOGRAPHY, ETC. NOTE
Bibliography, etc. note Bibliography: pages 200-250. 240-220
650 1# - SUBJECT ADDED ENTRY--TOPICAL TERM
Topical term or geographic name entry element Ressources naturelles
Geographic subdivision Egypt
Source of heading or term qrmak
650 1# - SUBJECT ADDED ENTRY--TOPICAL TERM
Topical term or geographic name entry element Le nile
Geographic subdivision Egypt
Source of heading or term qrmak
650 1# - SUBJECT ADDED ENTRY--TOPICAL TERM
Topical term or geographic name entry element Rivers
Geographic subdivision Egypt
Source of heading or term qrmak
651 1# - SUBJECT ADDED ENTRY--GEOGRAPHIC NAME
Source of heading or term qrmak
856 40 - ELECTRONIC LOCATION AND ACCESS
Uniform Resource Identifier <a href="https://fll.law.cu.edu.eg/fulltext/bks/B11-09337.pdf">https://fll.law.cu.edu.eg/fulltext/bks/B11-09337.pdf</a>
905 ## - Cataloger and Reviser Names
Cataloger Name: Nermin
942 ## - ADDED ENTRY ELEMENTS (KOHA)
Source of classification or shelving scheme Dewey Decimal Classification
Koha item type Books
Edition 21
Suppress in OPAC No
Holdings
Withdrawn status Lost status Source of classification or shelving scheme Materials specified (bound volume or other part) Damaged status Not for loan Collection Home library Current library Date acquired Total checkouts Full call number Barcode Date last seen Copy number Price effective from Koha item type
    Dewey Decimal Classification V2   Not for loan القانون الدولي العام جــــامعة القــاهرة مكتبة كلية الحقوق - المبنى الرئيسي 12.04.2026   Law1 11 341.762062 L U . N 1937 1109337 V2 C1 B11-09337 12.04.2026 1 12.04.2026 Books

© All rights reserved — Faculty of Law, Cairo University